Inter-city comparisons of Canadian household energy costs /

Պահպանված է:
Մատենագիտական մանրամասներ
Հիմնական հեղինակ: Ackerman, Darcy-Gail
Համատեղ հեղինակ: Canadian Energy Research Institute
Ձևաչափ: Գիրք
Լեզու:English
Հրապարակվել է: Calgary, Alta. : Canadian Energy Research Institute, 1979.
Շարք:Working paper (Canadian Energy Research Institute) ; no.79-3
Խորագրեր:
LEADER 01146nam a2200277 a 4500
001 c000192286
003 CARM
005 20021125001400.0
008 830823s1979 abc b 00010 eng d
019 1 |a 2242635  |5 LACONCORD2021 
035 |a (OCoLC)10054804  |5 LACONCORD2021 
040 |a NUN  |c NUN 
043 |a n-cn--- 
100 1 |a Ackerman, Darcy-Gail. 
245 1 0 |a Inter-city comparisons of Canadian household energy costs /  |c Darcy-Gail Ackerman. 
260 |a Calgary, Alta. :  |b Canadian Energy Research Institute,  |c 1979. 
300 |a vi, 74 leaves :  |b ill. ;  |c 28 cm. 
490 1 |a Working paper / Canadian Energy Research Institute ;  |v no. 79-3 
500 |a Includes bibliographical references. 
650 0 |a Energy consumption  |z Canada  |x Costs. 
710 2 |a Canadian Energy Research Institute. 
830 0 |a Working paper (Canadian Energy Research Institute) ;  |v no.79-3 
852 8 |b CARM  |h A2:AD07H0  |i F00859  |p 0297863  |f BK 
082 0 4 |a 333.79/0971  |2 19 
999 f f |i cbb25162-9ad0-5e2c-bd1e-eafd038843b5  |s d2f5165d-a416-5aaf-a6b0-35ca97fc7afa 
952 f f |p Can circulate  |a CAVAL  |b CAVAL  |c CAVAL  |d CARM 1 Store  |e F00859  |f A2:AD07H0  |h Other scheme  |i book  |m 0297863